Development of Technique for Recognition of the Complex Shape Signal Images

Analýza hlavných metód spracovania a rozpoznávania obrázkov. Popis vývoja efektívneho algoritmu na rozpoznávanie signálov. Snaha vyvinúť softvérový produkt, ktorý vykonáva experimenty na rozpoznanie zložitých tvarov vĺn.

Enregistré dans:
Détails bibliographiques
Auteur principal: Choporov, Oleg
Autres auteurs: Preobrazhenskiy, Andrey, Ružický, Eugen
Format: Chapitre de livre
Langue:anglais
Sujets:
Tags: Ajouter un tag
Pas de tags, Soyez le premier à ajouter un tag!

MARC

LEADER 00000naa a2200000 4500
001 0262129
005 20200204083906.9
041 0 |a eng 
044 |a SK 
245 1 0 |a Development of Technique for Recognition of the Complex Shape Signal Images  |c Oleg Choporov, Andrey Preobrazhenskiy, Eugen Ružický 
520 |a Analýza hlavných metód spracovania a rozpoznávania obrázkov. Popis vývoja efektívneho algoritmu na rozpoznávanie signálov. Snaha vyvinúť softvérový produkt, ktorý vykonáva experimenty na rozpoznanie zložitých tvarov vĺn. 
610 2 0 |a softvér 
610 2 0 |a algoritmy 
610 2 0 |a informatika 
610 2 0 |a aplikácie mobilné 
100 1 |a Choporov, Oleg 
700 1 |a Preobrazhenskiy, Andrey 
700 1 |a Ružický, Eugen